=LDR 00000nam 2200000 4500 =001 INLIS000000000043739 =005 20131008103731 =008 ***********************************ind** =035 ##$$0010-101300000001661 =041 ##$$a ind =082 ##$$a 620.002 12 =090 ##$$a R 620.002 12, Gie k =100 ##$$a Gieck, k =245 ##$$a Kumpulan rumus teknik, K Gieck =260 ##$$a 1992 $b Jakarta =300 ##$$a xiv, 353 hlm, 14 cm =650 ##$$a Teknik, Ilmu - Rumus =850 ##$$a NBPNMAT